Discrete mathematics with applications / (Record no. 188875)

000 -LEADER
fixed length control field 00561 a2200205 4500
003 - CONTROL NUMBER IDENTIFIER
control field Nust
005 - DATE AND TIME OF LATEST TRANSACTION
control field 20170207153551.0
010 ## - LIBRARY OF CONGRESS CONTROL NUMBER
LC control number 94031184
020 ## - INTERNATIONAL STANDARD BOOK NUMBER
International Standard Book Number 0534944469 (acid-free) :
020 ## - INTERNATIONAL STANDARD BOOK NUMBER
International Standard Book Number 0534944493 (instructor's manual)
040 ## - CATALOGING SOURCE
Transcribing agency Nust
082 00 - DEWEY DECIMAL CLASSIFICATION NUMBER
Classification number 510
100 1# - MAIN ENTRY--PERSONAL NAME
Personal name Epp, Susanna S.
245 10 - TITLE STATEMENT
Title Discrete mathematics with applications /
Statement of responsibility, etc. Susanna S. Epp.
250 ## - EDITION STATEMENT
Edition statement 2nd ed.
260 ## - PUBLICATION, DISTRIBUTION, ETC.
Place of publication, distribution, etc. Boston :
Name of publisher, distributor, etc. PWS Pub. Co.,
Date of publication, distribution, etc. c1995.
300 ## - PHYSICAL DESCRIPTION
Extent xvii, 801, 12 p. :
Other physical details ill. ;
Dimensions 27 cm.
538 ## - SYSTEM DETAILS NOTE
System details note Almirah No. 10 and Shelf No. 3
650 #0 - SUBJECT ADDED ENTRY--TOPICAL TERM
Topical term or geographic name entry element Mathematics.
942 ## - ADDED ENTRY ELEMENTS (KOHA)
Source of classification or shelving scheme
Koha item type Book
Holdings
Withdrawn status Lost status Source of classification or shelving scheme Damaged status Not for loan Collection code Permanent Location Current Location Date acquired Total Checkouts Full call number Barcode Date last seen Price effective from Koha item type
            Military College of Signals (MCS) Military College of Signals (MCS) 12/12/2016   510 EPP MCS30424 12/08/2016 12/12/2016 Book
            Military College of Signals (MCS) Military College of Signals (MCS) 12/12/2016   510 EPP MCS34812 12/08/2016 12/12/2016 Book
© 2023 Central Library, National University of Sciences and Technology. All Rights Reserved.